Court of Enquiry : (Record no. 1007015)

MARC details
000 -LEADER
fixed length control field 01147nam a2200325 a 4500
001 - CONTROL NUMBER
control field vtls001554663
003 - CONTROL NUMBER IDENTIFIER
control field NLI
005 - DATE AND TIME OF LATEST TRANSACTION
control field 20210627154148.0
008 - FIXED-LENGTH DATA ELEMENTS--GENERAL INFORMATION
fixed length control field 121212m1941uuuuii s000 0 eng
039 #9 - LEVEL OF BIBLIOGRAPHIC CONTROL AND CODING DETAIL [OBSOLETE]
-- 201212121842
-- VLOAD
040 0# - CATALOGING SOURCE
Original cataloging agency NLI
Language of cataloging eng
Transcribing agency XData_3
Description conventions AACR2
041 0# - LANGUAGE CODE
Language code of text/sound track or separate title eng
044 ## - COUNTRY OF PUBLISHING/PRODUCING ENTITY CODE
MARC country code ii
082 04 - DEWEY DECIMAL CLASSIFICATION NUMBER
Classification number 351.5[1](54)
110 1# - MAIN ENTRY--CORPORATE NAME
Corporate name or jurisdiction name as entry element India (British).
Subordinate unit Department of Labour
245 10 - TITLE STATEMENT
Title Court of Enquiry :
Remainder of title constituted under the trade disputes act, 1929 to investigate the question of dearness allowence for railway employees /
Statement of responsibility, etc. Department of Labour, India (British)
260 ## - PUBLICATION, DISTRIBUTION, ETC.
Place of publication, distribution, etc. Delhi :
Name of publisher, distributor, etc. Manager of Publication,
Date of publication, distribution, etc. 1941-
300 ## - PHYSICAL DESCRIPTION
Extent -v. ;
Dimensions 25 cm.
500 ## - GENERAL NOTE
General note Library has vol.1
500 ## - GENERAL NOTE
General note Government publication
505 0# - FORMATTED CONTENTS NOTE
Formatted contents note Vol.1 Report
650 #0 - SUBJECT ADDED ENTRY--TOPICAL TERM
Topical term or geographic name entry element Administrative agencies
Geographic subdivision India
9 (RLIN) 748742
650 #0 - SUBJECT ADDED ENTRY--TOPICAL TERM
Topical term or geographic name entry element Administrative courts
Geographic subdivision India
9 (RLIN) 1005320
651 #0 - SUBJECT ADDED ENTRY--GEOGRAPHIC NAME
Geographic name India
General subdivision Officials and employees
-- Discipline
887 ## - NON-MARC INFORMATION FIELD
Content of non-MARC field
901 ## - LOCAL DATA ELEMENT A, LDA (RLIN)
a IMP22176 date
b 22.2.1910
902 ## - LOCAL DATA ELEMENT B, LDB (RLIN)
a GP 351.5[1](54) In 2 eda
949 ## - LOCAL PROCESSING INFORMATION (OCLC)
-- VIRTUAITEM
-- 10003
-- 100
6 IOD000022176ENG
942 ## - ADDED ENTRY ELEMENTS (KOHA)
Koha issues (borrowed), all copies 0
-- 0
-- 0
-- 0
Institution code [OBSOLETE] NLI
-- NLI
-- BKS
-- -
Holdings
Withdrawn status Lost status Damaged status Not for loan Collection code Home library Current library Shelving location Date acquired Total Checkouts Full call number Barcode Date last seen Price effective from Koha item type
        Government Publications National Library of India National Library of India Annexe Reading Room & Stack Division     GP 351.5[1](54) In 2 eda IOD000022176ENG 27/06/2021 27/06/2021 Books
                                                                           
web counter

Copyright ©2020 The National Library of India, Govt. of India ↔ Hosted by NVLI, MOC ↔ Technology and Design by National Library of India, Ministry of Culture, Govt. of India